[Event "Ardennes-ch 0102"]
[Site "Ardennes"]
[Date "2001.??.??"]
[Round "?"]
[White "Prioux, Michel"]
[Black "Tudisco, Antonio"]
[Result "1-0"]
[WhiteElo "1800"]
[BlackElo "1500"]
[PlyCount "45"]
[EventDate "2001.??.??"]
[EventType "swiss"]
[EventRounds "9"]
[EventCountry "FRA"]
[SourceTitle "EXT 2008"]
[Source "ChessBase"]
[SourceDate "2007.11.25"]
[SourceVersion "1"]
[SourceVersionDate "2007.11.25"]
[SourceQuality "1"]

1. d4 d5 2. c4 c6 3. Nf3 Nf6 4. Qc2 Bg4 5. Bg5 Ne4 6. Bh4 h6 7. Nfd2 Bf5 8. Qb3 Qc7 9. f3 dxc4 10. Nxc4 g5 11. fxe4 Bxe4 12. Bg3 Qd7 13. Nc3 Bf5 14. Ne5 Qc8 15. Qxf7+ Kd8 16. Qh5 Be6 17. e4 Nd7 18. Nf7+ Bxf7 19. Qxf7 Nf6 20. 0-0-0 h5 21. d5 cxd5 22. e5 Ne4 23. Rxd5+ 1-0